Introduction to Formal Languages and Automata (Record no. 8448)

MARC details
000 -LEADER
fixed length control field 00316nam a22001217a 4500
008 - FIXED-LENGTH DATA ELEMENTS--GENERAL INFORMATION
fixed length control field 200131b ||||| |||| 00| 0 eng d
020 ## - INTERNATIONAL STANDARD BOOK NUMBER
International Standard Book Number 9789384323219
082 ## -
Classification number 005.131 LII
100 ## - MAIN ENTRY--PERSONAL NAME
Personal name LINZ, Peter
245 ## - TITLE STATEMENT
Title Introduction to Formal Languages and Automata
250 ## - EDITION STATEMENT
Edition statement Page-449
260 ## - PUBLICATION, DISTRIBUTION, ETC. (IMPRINT)
Name of publisher, distributor, etc JONES Bartlett
Date of publication, distribution, etc 2019
Holdings
Withdrawn status Lost status Source of classification or shelving scheme Damaged status Koha normalized classification for sorting Not for loan Koha collection Location (home branch) Sublocation or collection (holding branch) Date acquired Source of acquisition Currency Cost, normal purchase price Bill Number Koha issues (times borrowed) Koha full call number Piece designation (barcode) Koha date last seen Copy number Actual Cost, discounted price Bill Date Koha item type
    Dewey Decimal Classification   005_131000000000000_LII   B.Tech(CSE) PIET C-LIBRARY PIET C-LIBRARY 31/01/2020 KIRTI PRAKASHAN NEW DELHI IN Rupees 495.00 IN5960   005.131 LII 31624 31/01/2020 1 346.50 03/01/2020 Reference Books

Design & Developed by: PIET Central Library
R70 Miles Stone Pattikalyana Samalkha Panipat 132102
mail ID :- [email protected], Phone No:- 0180-2569700 Ex.216